Score 0/7 Timer 03:00
0 Plays Today
Question Answer Wrong Answers
This author of Gone with the Wind is born in Atlanta, Georgia.
1900
Margaret Mitchell
88.1%
Harper Lee
7.4%
Willa Cather
2.4%
Grace Paley
1.8%
Moctezuma, ruler of this civilization, meets Hernán Cortés in Tenochtitlan.
1519
Aztec
85.4%
Inca
12.5%
Navajo
1.2%
Seminole
0.9%
Following the October Revolution, the Russian Soviet Federative Socialist Republic forms its new government, appointing this man as its head.
1917
Vladimir Lenin
75.8%
Alexander Kerensky
2.3%
Joseph Stalin
19.8%
Georgy Malenkov
1.3%
The tomb of Philip II of Macedon is discovered in the town of Vergina, in this country.
1977
Greece
61.3%
Italy
10.8%
Croatia
17.8%
Egypt
9%
George H. W. Bush is elected president of the US, defeating this Democratic challenger.
1988
Michael Dukakis
61.1%
Bill Clinton
4.5%
Bob Dole
15.8%
Walter Mondale
17.4%
'Wicked Game', a song that would become the first hit of this singer's career, is released.
1990
Chris Isaak
53.4%
Seal
10%
Alanis Morissette
17.2%
Mariah Carey
18.1%
This film, the third to feature Pierce Brosnan as James Bond, premieres in Los Angeles.
1999
The World is Not Enough
49.4%
Goldeneye
24.7%
Casino Royale
7.8%
Licence to Kill
16.7%
Remove Ads.
Support Sporcle.
Get the best of Sporcle when you Go Orange. This ad-free experience offers more features, more stats, and more fun while also helping to support Sporcle. Thank you for becoming a member.

You're not logged in!

Compare scores with friends on all Sporcle quizzes.
OR
Log In

Show Comments

Extras

Top Quizzes Today


Score Distribution

Your Account Isn't Verified!

In order to create a playlist on Sporcle, you need to verify the email address you used during registration. Go to your Sporcle Settings to finish the process.

Report this User

Report this user for behavior that violates our Community Guidelines.

Details: